000 00631cam a2200145 4500500
005 20260208002353.0
041 _afre
042 _adc
100 1 0 _aBlanchy, Sophie
_eauthor
245 0 0 _aSandra J. T. M. Evers, Constructing History, Culture and Inegality. The Betsileo in the Extreme Southern Highlands of Madagascar, Leiden, Brill, 2002, 241 p., bibl., gloss., index («African Social Studies Series» 4)
260 _c2005.
500 _a22
786 0 _nL'Homme | 175-176 | 3 | 2005-07-01 | p. 475zg-572zg | 0439-4216
856 4 1 _uhttps://shs.cairn.info/revue-l-homme-2005-3-page-475zg?lang=fr&redirect-ssocas=7080
999 _c1646002
_d1646002